Central Library OPAC University of Rajshahi
Normal view MARC view

Entry Geographic Name

Number of records used in: 2

001 - CONTROL NUMBER

  • control field: 767

003 - CONTROL NUMBER IDENTIFIER

  • control field: BD-RjUL

005 - DATE AND TIME OF LATEST TRANSACTION

  • control field: 20220117114331.0

008 - FIXED-LENGTH DATA ELEMENTS

  • fixed length control field: 220117|| aca||aabn | a|a d

040 ## - CATALOGING SOURCE

  • Original cataloging agency: BD-RjUL
  • Transcribing agency: BD-RjUL

151 ## - HEADING--GEOGRAPHIC NAME

  • Geographic name: Arab countries
  • General subdivision: Intellectual life
  • Chronological subdivision: 20th century

670 ## - SOURCE DATA FOUND

  • Source citation: Work cat.: (BD-RjUL)79197: اسماعيل، فادي.;; Ismāʻīl, Fādī, 1963- 766, الخطاب العربي المعاصر : ;; al-Khiṭāb al-ʻArabī al-muʻāṣir :, 1994[1414]h